|
|
|
|
| LEADER |
00988cam a2200349 i 4500 |
| 001 |
000045280 |
| 003 |
4452 |
| 005 |
20030226145553.0 |
| 008 |
010220|1997 vm 000 eng |
| 020 |
|
|
|a 0335197582 (pbk.)
|
| 040 |
|
|
|a IRC
|c IRC
|d IRC
|
| 041 |
0 |
|
|a eng
|
| 082 |
1 |
4 |
|a 370.71
|b BR-V
|
| 100 |
1 |
|
|a Brooks, Val,
|d 1954-
|
| 245 |
0 |
4 |
|a The good mentor guide :
|b initial teacher education in secondary schools /
|c Val Brooks, 1954-
|
| 260 |
|
|
|a Buckingham ; Philadelphia :
|b Open University Press,
|c 1997.
|
| 300 |
|
|
|a 188p. :
|b ill.
|
| 630 |
0 |
4 |
|a Education.
|
| 630 |
0 |
4 |
|a Teachers.
|
| 650 |
0 |
4 |
|a Student teachers
|z Great Britain.
|
| 650 |
0 |
4 |
|a Mentoring in education
|z Great Britain.
|
| 650 |
0 |
4 |
|a Teachers
|x Training of
|z Great Britain.
|
| OWN |
|
|
|a DUT
|
| 999 |
|
|
|a From the UDN01
|
| TYP |
|
|
|a Monograph
|
| TYP |
|
|
|a Printed language
|
| 980 |
|
|
|a Mạng thư viện Đại học Đà Nẵng
|